[Event "Match"]
[Site "www.echecsemail.com"]
[Date "2015.02.02"]
[Round "1"]
[White "Caspito"]
[Black "Harrytheking"]
[WhiteElo "1860"]
[BlackElo "1750"]
[Result "1-0"]
[Round "1"]
1.e4 b6
2.d4 Bc8a6
3.Bf1xa6 Nb8xa6
4.c3 e6
5.Ng1f3 h6
6.O-O Ng8e7
7.b3 Ne7g6
8.a3 Bf8e7
9.c4 O-O
10.Nb1c3 c6
11.b4 Na6c7
12.Nc3e2 a5
13.Bc1d2 a4
14.Bd2e3 b5
15.c5 d6
16.Ra1c1 d5
17.e5 f5
18.Ne2f4 Ng6xf4
19.Be3xf4 g5
20.Bf4d2 Rf8f7
21.Rc1c3 Qd8f8
22.h3 Rf7h7
23.Nf3h2 Qf8g7
24.Rc3g3 Ra8f8
25.Qd1h5 Kh8
26.h4 g4
27.f3 Qg7f7
28.Qh5xf7 Rf8xf7
29.h5 gxf3
30.Rf1xf3 Nc7e8
31.Rg3g6 Be7g5
32.Bd2xg5 hxg5
33.Rg6xe6 Ne8g7
34.Re6xc6 Ng7xh5
35.Rc6d6 g4
36.Rf3c3 g3
37.Nh2f3 Nh5f4
38.Nf3g5 Nf4e2
39.Kf1 Rh7h1
40.Kxe2 Rf7g7
41.Rc3xg3 f4
42.Rd6d8 Rg7g8
43.Ng5f7 { resign }
1-0

[Event "1/32 Finale"]
[Site "www.chess-mail.com"]
[Date "2015.02.02"]
[Round "1"]
[White "Anja"]
[Black "Norlavuaram"]
[WhiteElo "1850"]
[BlackElo "2080"]
[Result "0-1"]
[Round "1"]
1.e4 e6
2.d4 d5
3.exd5 exd5
4.c4 Ng8f6
5.Nb1c3 dxc4
6.Bf1xc4 Bf8e7
7.Ng1e2 O-O
8.O-O c5
9.dxc5 Be7xc5
10.Bc1g5 Qd8xd1
11.Ra1xd1 Bc8g4
12.Bg5xf6 gxf6
13.h3 Bg4e6
14.Bc4d3 Nb8c6
15.Nc3e4 Bc5e7
16.b3 Ra8d8
17.Bd3b5 Nc6e5
18.Ne2f4 Be6f5
19.Ne4g3 Bf5c8
20.Nf4d5 Ne5g6
21.h4 Bc8e6
22.Nd5xe7 Ng6xe7
23.Ng3e4 Kg7
24.Rf1e1 a6
25.Bb5d3 Ne7f5
26.g3 Nf5d4
27.Re1e3 Be6f5
28.Ne4c5 Bf5g4
29.Rd1c1 Nd4f3
30.Kg2 Nf3e5
31.Bd3e4 Rd8d2
32.Rc1c2 Rd2xc2
33.Be4xc2 Bg4c8
34.Nc5d3 Ne5c6
35.Nd3f4 Nc6d4
36.Bc2b1 Bc8d7
37.Nf4h5 Kh8
38.Nh5xf6 Bd7c6
39.Bb1e4 Kg7
40.Nf6h5 Kh6
41.Nh5f4 Nd4f5
42.Re3e1 Rf8e8
43.f3 Nf5d4
44.Kf2 Bc6xe4
45.Re1xe4 Re8xe4
46.fxe4 Nd4b5
47.Ke3 Kg7
48.Nf4d3 b6
49.Nd3b4 Nb5c3
50.a4 b5
51.axb5 Nc3xb5
52.Nb4xa6 Kf6
53.Kf4 Nb5d4
54.b4 Nd4b5
55.e5 Ke6
56.Na6c5 Ke7
57.Kg5 Kf8
58.Nc5d7 Kg7
59.Nd7f6 Nb5d4
60.Nf6h5 Kg8
61.Kf6 Nd4b5
{ resign }
0-1

[Event "1/32 Finale"]
[Site "www.chess-mail.com"]
[Date "2015.02.02"]
[Round "1"]
[White "Guidom"]
[Black "Anja"]
[WhiteElo "2040"]
[BlackElo "1990"]
[Result "1-0"]
[Round "1"]
1.e4 Ng8f6
2.Nb1c3 d5
3.e5 d4
4.exf6 dxc3
5.fxg7 cxd2
6.Qd1xd2 Qd8xd2
7.Bc1xd2 Bf8xg7
8.O-O-O Bc8g4
9.f3 Bg4e6
10.a3 Nb8d7
11.Bf1d3 O-O-O
12.Ng1e2 Nd7c5
13.Bd2e3 Nc5xd3
14.cxd3 Be6b3
15.Rd1d2 Rd8d6
16.Be3f4 e5
17.Bf4g3 Rh8d8
18.d4 Rd6c6
19.Kb1 exd4
20.Ne2c1 Bb3e6
21.Rh1d1 Be6f5
22.Ka1 Rd8d5
23.Nc1d3 Bf5xd3
24.Rd2xd3 Rc6c2
25.Rd1d2 Rd5c5
26.Ka2 Rc2xd2
27.Rd3xd2 Rc5d5
28.Rd2d3 c5
29.b3 b5
30.Bg3f2 c4
31.Rd3d1 a5
32.g3 d3
33.Bf2b6 a4
34.b4 c3
35.Bb6e3 c2
36.Rd1c1 Kb7
37.Be3d2 { resign }
1-0

[Event "Eq:CONFOEDERATIONIS HELVETICAE-Team USA : "]
[Site "www.chess-mail.com"]
[Date "2015.02.02"]
[Round "1"]
[White "Tomcapp"]
[Black "Asoka"]
[WhiteElo "1440"]
[BlackElo "2650"]
[Result "0-1"]
[Round "1"]
1.e4 e5
2.Ng1f3 Nb8c6
3.Bf1b5 a6
4.Bb5xc6 dxc6
5.d3 Bf8d6
6.Bc1g5 Ng8e7
7.Bg5xe7 Qd8xe7
8.Nb1c3 f6
9.a3 Bc8e6
10.b3 Bd6xa3
11.d4 Ba3b2
12.Ra1a4 Bb2xc3
13.Kf1 exd4
14.Nf3xd4 O-O-O
15.h3 Qe7c5
16.Nd4xe6 Rd8xd1
17.Ke2 Rd1d2
18.Kf3 Qc5xf2
19.Kg4 h5

0-1

[Event "Eq:Angels of Checkmate-BEAC Hungary : "]
[Site "www.chess-mail.com"]
[Date "2015.02.02"]
[Round "1"]
[White "Generalfree"]
[Black "Hali"]
[WhiteElo "1850"]
[BlackElo "2150"]
[Result "0-1"]
[Round "1"]
1.e4 c5
2.Bf1c4 g6
3.Ng1f3 Bf8g7
4.Nf3g5 e6
5.Qd1f3 Qd8xg5
6.d3 Qg5f6
7.Qf3g3 Nb8c6
8.Nb1c3 Ng8e7
9.Bc1g5 Qf6e5
10.Bg5f4 Qe5h5
11.Qg3e3 O-O
12.h3 d5
13.g4 Qh5h4
14.Bf4g5 d4
15.Qe3d2 dxc3
16.Qd2e3 Bg7d4
17.Bg5xh4 Bd4xe3
18.fxe3 cxb2
19.Ra1b1 f6
20.Rb1xb2 Nc6e5
21.O-O Ne5xc4
22.dxc4 g5
23.Bh4g3 Ne7c6
24.c3 b6
25.Rb2d2 Bc8a6
{ resign }
0-1

[Event "Fast Game"]
[Site "www.echecsemail.com"]
[Date "2015.02.02"]
[Round "1"]
[White "Chessmith19"]
[Black "Korto"]
[WhiteElo "2140"]
[BlackElo "2049"]
[Result "1-0"]
[Round "1"]
1.e4 c5
2.Ng1f3 e6
3.d4 cxd4
4.Nf3xd4 Nb8c6
5.Nb1c3 Qd8c7
6.Bc1e3 a6
7.Bf1e2 Ng8f6
8.O-O d6
9.f4 Bf8e7
10.Qd1e1 O-O
11.Qe1g3 d5
12.e5 Nf6e4
13.Nc3xe4 dxe4
14.c3 b5
15.Be2g4 Bc8b7
16.f5 exf5
17.Nd4xf5 Nc6xe5
18.Kh1 Be7f6
19.Nf5h6 Kh8
20.Rf1xf6 gxf6
21.Bg4f5 Ra8e8
22.Bf5xh7 f5
23.Bh7xf5 f6
24.Qg3h4 Qc7g7
25.Nh6g4 Kg8
26.Be3h6 Qg7f7
27.Qh4g3 Ne5g6
28.Bh6xf8 Kxf8
29.Ng4h6 Qf7g7
30.Bf5xg6 Qg7xh6
31.Bg6xe8 Qh6g5
32.Qg3d6 Kxe8
33.Qd6b8 { resign }
1-0

[Event "Fast Game"]
[Site "www.echecsemail.com"]
[Date "2015.02.02"]
[Round "1"]
[White "Korto"]
[Black "Attatroll"]
[WhiteElo "1989"]
[BlackElo "1840"]
[Result "1-0"]
[Round "1"]
1.Ng1f3 d5
2.c4 d4
3.d3 Ng8f6
4.g3 c5
5.Bf1g2 Nb8c6
6.Bc1g5 h6
7.Bg5xf6 exf6
8.O-O Bf8d6
9.Rf1e1 O-O
10.e3 dxe3
11.Re1xe3 Bc8e6
12.Nb1c3 a6
13.Qd1d2 Nc6b4
14.Ra1e1 Qd8d7
15.a3 Nb4c6
16.Nc3e4 Bd6e7
17.Ne4c3 Nc6d4
18.Nc3d5 Be6xd5
19.Re3xe7 Qd7d6
20.cxd5 b5
21.Nf3xd4 cxd4
22.Qd2b4 Qd6b6
23.d6 a5
24.Qb4b3 Ra8d8
25.d7 Qb6d6
26.Qb3xb5 { resign }
1-0

[Event "Fast Game"]
[Site "www.echecsemail.com"]
[Date "2015.02.02"]
[Round "1"]
[White "Manuel09"]
[Black "E4player"]
[WhiteElo "1529"]
[BlackElo "1599"]
[Result "0-1"]
[Round "1"]
1.e4 d5
2.exd5 Ng8f6
3.c4 c6
4.dxc6 Nb8xc6
5.Ng1f3 e5
6.d3 e4
7.Nf3g5 Bc8f5
8.Nb1c3 exd3
9.Ng5f3 Nc6b4
10.Qd1a4 Bf5d7
{ resign }
0-1

[Event "Tourn. n7959"]
[Site "www.chess-mail.com"]
[Date "2015.02.03"]
[Round "1"]
[White "Blackpool"]
[Black "Osopanda"]
[WhiteElo "1830"]
[BlackElo "2000"]
[Result "0-1"]
[Round "1"]
1.d4 Ng8f6
2.c4 d6
3.Ng1f3 g6
4.Nb1c3 Bf8g7
5.e4 O-O
6.Bf1e2 c6
7.O-O Qd8c7
8.h3 Nb8d7
9.Bc1e3 e5
10.d5 Rf8d8
11.Ra1c1 Nd7f8
12.b4 Qc7e7
13.a3 a6
14.Qd1d2 Nf6h5
15.Rf1d1 Nh5f4
16.Be3xf4 exf4
17.Qd2xf4 f5
18.exf5 Bc8xf5
19.dxc6 Nf8e6
20.Qf4e3 Qe7f8
21.cxb7 Ra8b8
22.g4 Bf5xg4
23.hxg4 Rd8e8
24.Qe3d3 Qf8f4
25.Nf3h2 Bg7e5
26.Nh2f1 Ne6d4
27.Nf1e3 Qf4h2
{ resign }
0-1

[Event "Tourn. n8029"]
[Site "www.chess-mail.com"]
[Date "2015.02.03"]
[Round "1"]
[White "Mrbabu"]
[Black "Cardiff"]
[WhiteElo "1970"]
[BlackElo "1930"]
[Result "1-0"]
[Round "1"]
1.e4 d6
2.d4 Ng8f6
3.Nb1c3 g6
4.Ng1f3 Bf8g7
5.h3 O-O
6.Bc1e3 Nb8d7
7.Qd1d2 e5
8.d5 Nd7b6
9.Be3h6 Qd8e7
10.O-O-O a5
11.Bh6xg7 Kxg7
12.g4 a4
13.a3 h6
14.Bf1d3 Nb6d7
15.Nf3h2 Nd7c5
16.f4 Nc5xd3
17.cxd3 Bc8d7
18.f5 c6
19.g5 hxg5
20.Qd2xg5 Nf6xd5
21.Qg5g3 Nd5xc3
22.bxc3 d5
23.Rh1f1 Qe7xa3
24.Kd2 Qa3b2
25.Ke3 Qb2xc3
26.f6 Kg8
27.Qg3h4 Qc3d4
28.Ke2 dxe4
29.Qh4h6 exd3
30.Rd1xd3 { resign }
1-0

[Event "Tourn. n7987"]
[Site "www.chess-mail.com"]
[Date "2015.02.03"]
[Round "1"]
[White "Birdchess"]
[Black "Passaroa25"]
[WhiteElo "1660"]
[BlackElo "1490"]
[Result "0-1"]
[Round "1"]
1.d4 e6
2.e4 Ng8e7
3.Nb1c3 c6
4.Ng1f3 f6
5.Bf1d3 Ne7g6
6.O-O Bf8e7
7.Rf1e1 d6
8.h3 Nb8d7
9.a3 O-O
10.Bc1e3 d5
11.exd5 exd5
12.Qd1d2 Nd7b6
13.Bd3xg6 hxg6
14.b3 g5
15.a4 Bc8e6
16.a5 Nb6d7
17.Nc3e2 Kf7
18.Ne2g3 Kg6
19.Re1c1 f5
{ resign }
0-1

[Event "Tourn. n7707"]
[Site "www.chess-mail.com"]
[Date "2015.02.03"]
[Round "1"]
[White "Numanoid"]
[Black "Asoka"]
[WhiteElo "2420"]
[BlackElo "2690"]
[Result "1/2-1/2"]
[Round "1"]
1.e4 c6
2.d4 d5
3.e5 Bc8f5
4.Nb1c3 e6
5.g4 Bf5g6
6.Ng1e2 c5
7.h4 h5
8.Ne2f4 Bg6h7
9.Nf4xh5 cxd4
10.Nc3b5 Nb8c6
11.Nb5xd4 Ng8e7
12.c3 Nc6xe5
13.Bf1b5 Ne5c6
14.Bc1h6 Bh7e4
15.f3 Rh8xh6
16.fxe4 dxe4
17.Qd1e2 Qd8c7
18.O-O-O O-O-O
19.Bb5xc6 Ne7xc6
20.Nd4xc6 Rd8xd1
21.Rh1xd1 bxc6
22.Qe2xe4 Bf8e7
23.Kb1 g5
24.Qe4f3 Rh6h7
25.hxg5 Be7xg5
26.Nh5f6 Bg5xf6
27.Qf3xf6 Kb7
28.a4 Rh7h2
29.a5 Rh2h3
30.Qf6f1 Rh3h8
31.Rd1d4 e5
32.a6 Ka8
33.Rd4c4 Qc7b6
34.Rc4b4 Qb6d8
35.Qf1f3 Qd8d6
36.Rb4c4 Qd6d5
37.Qf3xd5 cxd5
38.Rc4c5 Rh8d8
39.Rc5c7 f6
40.Rc7f7 Rd8g8
41.Rf7xf6 Kb8
42.Rf6d6 d4
43.cxd4 e4
44.Rd6e6 Rg8xg4
45.Kc2 Kc7
46.b4 Rg4g2
47.Kc3 Rg2e2
48.b5 e3
49.Kd3 Re2b2
50.Kxe3 Rb2xb5
51.Ke4 Rb5h5
52.Re6g6 Rh5a5
53.Rg6h6 Ra5g5
54.Kd3 Rg5g2
55.Kc4 Rg2c2
56.Kd5 Rc2c1
57.Rh6g6 { draw }
1/2-1/2

[Event "Tourn. n7973"]
[Site "www.chess-mail.com"]
[Date "2015.02.03"]
[Round "1"]
[White "Generalfree"]
[Black "Jjmcbride"]
[WhiteElo "1880"]
[BlackElo "1800"]
[Result "1-0"]
[Round "1"]
1.e4 e5
2.Ng1f3 d6
3.Bf1c4 Ng8f6
4.Nf3g5 Bc8e6
5.Bc4xe6 fxe6
6.Ng5xe6 Qd8e7
7.Ne6xf8 Rh8xf8
8.d3 Nb8c6
9.c3 O-O-O
10.O-O d5
11.exd5 Nf6xd5
12.a3 g5
13.Qd1g4 Rd8d7
14.Bc1xg5 Qe7g7
15.h3 h6
16.Bg5d2 Qg7xg4
17.hxg4 Rf8h8
18.b4 Nd5f6
19.g5 hxg5
20.Bd2xg5 Nf6g4
21.Rf1e1 Rd7h7
22.Kf1 Rh7h1
23.Ke2 Rh1xe1
24.Kxe1 Rh8e8
25.Nb1d2 e4
26.Nd2xe4 Ng4f6
27.Bg5xf6 b5
28.Kd2 a5
29.bxa5 Nc6xa5
30.Ne4c5 Kb8
31.Ra1b1 c6
32.c4 Ka7
33.cxb5 Re8b8
34.Nc5d7 Rb8c8
35.Bf6d4 Kb7
36.Bd4b6 Rc8a8
37.Bb6e3 Kc7
38.Nd7c5 Kd6
39.bxc6 Kxc6
40.g4 { resign }
1-0

[Event "Tourn. n7988"]
[Site "www.chess-mail.com"]
[Date "2015.02.03"]
[Round "1"]
[White "Francesco"]
[Black "Apdash"]
[WhiteElo "2070"]
[BlackElo "2140"]
[Result "1-0"]
[Round "1"]
1.e4 c5
2.c3 Nb8c6
3.d4 cxd4
4.cxd4 d5
5.exd5 Qd8xd5
6.Ng1f3 Bc8g4
7.Nb1c3 Qd5d8
8.d5 Nc6e5
9.Bf1e2 Ne5xf3
10.Be2xf3 Bg4xf3
11.Qd1xf3 Ng8f6
12.O-O g6
13.Bc1f4 a6
14.Rf1e1  { time }
1-0

[Event "Tourn. n8012"]
[Site "www.chess-mail.com"]
[Date "2015.02.03"]
[Round "1"]
[White "Panham"]
[Black "Blackpool"]
[WhiteElo "2040"]
[BlackElo "1870"]
[Result "1-0"]
[Round "1"]
1.d4 d5
2.c4 dxc4
3.Ng1f3 c6
4.e3 b5
5.a4 Bc8b7
6.axb5 cxb5
7.b3 e6
8.bxc4 Bf8b4
9.Bc1d2 Bb4xd2
10.Nb1xd2 bxc4
11.Bf1xc4 Ng8f6
12.Qd1b3 Qd8b6
13.Qb3a3 Qb6c7
14.O-O Qc7e7
15.Qa3xe7 Kxe7
16.Rf1b1 Bb7xf3
17.Nd2xf3 Nb8d7
18.Rb1b7 Rh8c8
19.Bc4d3 a5
20.Nf3e5 Ke8
21.Bd3b5 { resign }
1-0

[Event "Tourn. n7808"]
[Site "www.chess-mail.com"]
[Date "2015.02.03"]
[Round "1"]
[White "Norlavuaram"]
[Black "Naujzaid"]
[WhiteElo "2090"]
[BlackElo "1900"]
[Result "1/2-1/2"]
[Round "1"]
1.e4 c5
2.Ng1f3 d6
3.d3 Ng8f6
4.g3 e6
5.Bf1g2 Bf8e7
6.O-O O-O
7.c3 Nb8c6
8.Nb1d2 Qd8c7
9.Rf1e1 Ra8b8
10.Qd1e2 b5
11.h4 Bc8b7
12.Nd2f1 h6
13.d4 a6
14.b3 cxd4
15.cxd4 Nf6xe4
16.Qe2xe4 Nc6xd4
17.Qe4xd4 Be7f6
18.Qd4d1 Bf6xa1
19.Bc1a3 Bb7xf3
20.Bg2xf3 Ba1e5
21.Nf1e3 b4
22.Ba3c1 d5
23.Ne3g4 Be5d6
24.Kg2 Rb8c8
25.Bc1e3 Qc7c2
26.Qd1a1 Qc2c3
27.Qa1b1 d4
28.Re1c1 dxe3
29.Rc1xc3 bxc3
30.Ng4xe3 Rc8c7
31.Ne3c2 Rf8d8
32.Qb1e1 Bd6e7
33.Qe1e5 Rc7c5
34.Qe5e1 Rd8d2
35.Qe1b1 Be7f6
36.b4 Rc5b5
37.a4 Rb5b8
38.Qb1b3 Bf6d4
39.Nc2xd4 Rd2xd4
40.b5 axb5
41.axb5 c2
42.Qb3c3 Rb8xb5
43.Qc3xc2 Rb5b8
44.Bf3e4 Rb8d8
45.Be4c6 Rd4d6
46.Bc6f3 Rd6d2
47.Qc2c1 Rd2d7
48.Qc1f4 Rd7d4
49.Qf4e5 Rd4d2
50.Qe5f4 Rd2d4
51.Qf4c1 Rd4d2
52.g4 Rd2d4
53.Qc1c7 Rd4d7
54.Qc7c5 Rd7d4
55.Kg3 Rd4d3
56.Kg2 Rd3d4
57.Bf3e2 Rd4d5
58.Qc5c1 Rd5d4
59.Kg3 Rd4d2
60.Be2b5 Rd2d1
61.Qc1f4 Rd1d4
62.Qf4e3 Rd8d5
63.Bb5e2 Rd4d2
64.Be2c4 Rd5d4
65.Bc4e2 Rd4d5
66.f3 Rd2d4
67.Qe3a3 Rd4d2
68.Be2f1 Rd2d1
69.Bf1a6 Rd1g1
70.Kf2 Rg1d1
71.Ba6c4 Rd5d2
72.Kg3 Rd1g1
73.Kh3 Rg1h1
{ draw }
1/2-1/2

[Event "Tourn. n7974"]
[Site "www.chess-mail.com"]
[Date "2015.02.03"]
[Round "1"]
[White "Libiesse"]
[Black "Cardiff"]
[WhiteElo "2030"]
[BlackElo "2070"]
[Result "0-1"]
[Round "1"]
1.d4 d5
2.c4 dxc4
3.Ng1f3 c6
4.Nb1c3 e6
5.a3 b5
6.Bc1g5 Bf8e7
7.Qd1d2 Be7xg5
8.Nf3xg5 Ng8f6
9.Ng5f3 O-O
10.e3 Bc8b7
11.Bf1e2 Nb8d7
12.O-O a6
13.Rf1c1 c5
14.Rc1d1 Qd8c7
15.h3 cxd4
16.exd4 Nd7b6
 { time }
0-1

[Event "Tourn. n7972"]
[Site "www.chess-mail.com"]
[Date "2015.02.03"]
[Round "1"]
[White "Generalfree"]
[Black "Georgepapi"]
[WhiteElo "1880"]
[BlackElo "1790"]
[Result "0-1"]
[Round "1"]
1.e4 e5
2.Ng1f3 Nb8c6
3.Bf1b5 a6
4.Bb5xc6 dxc6
5.Nf3xe5 Qd8d4
6.Ne5g4 Qd4xe4
7.Ng4e3 Ng8f6
8.f3 Qe4h4
9.g3 Qh4d4
10.c3 Qd4d3
11.Qd1e2 Qd3xe2
12.Kxe2 Bc8e6
13.g4 O-O-O
14.h3 Bf8c5
15.d4 Bc5b6
16.Rh1d1 Rh8e8
17.b3 c5
18.Bc1b2 Nf6d5
19.Ne3xd5 Rd8xd5
20.Kf1 cxd4
21.cxd4 Re8d8
22.Nb1c3 Rd5xd4
23.Rd1xd4 Bb6xd4
24.Ra1b1 f6
25.Rb1e1 Bd4xc3
26.Bb2xc3 Be6d5
27.f4 Bd5c6
28.Re1e7 Rd8d3
29.Bc3xf6 gxf6
30.Re7xh7 Rd3f3
31.Ke2 Rf3xf4
32.Rh7h8 Kd7
33.Rh8h7 Kd6
34.Rh7h6 Rf4e4
35.Kd3 Re4e5
36.Rh6xf6 Re5e6
37.Rf6xe6 Kxe6
38.Ke3 Ke5
39.h4 Bc6d5
40.g5 Kf5
41.Kd4 Bd5f7
42.a4 Bf7xb3
{ resign }
0-1

[Event "Tourn. n8032"]
[Site "www.chess-mail.com"]
[Date "2015.02.03"]
[Round "1"]
[White "Umzi"]
[Black "Francesco"]
[WhiteElo "2130"]
[BlackElo "2100"]
[Result "0-1"]
[Round "1"]
1.e4 c6
2.d4 d5
3.e5 Bc8f5
4.Bf1d3 Bf5xd3
5.Qd1xd3 e6
6.Ng1f3 Nb8d7
7.Bc1g5 Bf8e7
8.Bg5xe7 Ng8xe7
9.O-O O-O
10.Nb1d2 c5
11.c3 Ra8c8
12.Nf3g5 g6
13.Qd3h3 h5
14.g4 Kg7
15.f4 Rf8h8
16.f5 Ne7xf5
17.Nd2f3 hxg4
{ resign }
0-1

[Event "Tourn. n7988"]
[Site "www.chess-mail.com"]
[Date "2015.02.03"]
[Round "1"]
[White "Luban"]
[Black "Francesco"]
[WhiteElo "2120"]
[BlackElo "2070"]
[Result "1-0"]
[Round "1"]
1.d4 d5
2.Ng1f3 c6
3.e3 Bc8g4
4.c4 Ng8f6
5.Nb1c3 e6
6.a3 Nb8d7
7.cxd5 exd5
8.Bf1e2 Bf8d6
9.h3 Bg4h5
10.O-O O-O
11.b4 Rf8e8
12.Bc1b2 Qd8c7
13.Ra1c1 Bh5g6
14.Nf3h4 Nd7f8
15.Be2f3 h6
16.Nh4xg6 Nf8xg6
17.Nc3xd5 Nf6xd5
18.Bf3xd5 Qc7d7
19.Bd5f3 Re8e7
20.e4 Ng6f4
21.Bf3g4 Qd7c7
22.e5 Ra8e8
23.Qd1d2 Nf4d5
24.exd6 Qc7xd6
25.Rf1e1 Nd5f6
26.Bg4f3 g5
27.Re1xe7 Re8xe7
28.Qd2c3 Nf6d5
29.Bf3xd5 Qd6xd5
30.Qc3g3 Re7e2
31.Bb2c3 f5
32.Qg3b8 Kg7
33.Qb8xb7 Kg6
34.Bc3e1 Qd5xd4
35.Rc1xc6 Kh5
36.Qb7f7 Kh4
37.Rc6xh6 { resign }
1-0

[Event "Tourn. n8024"]
[Site "www.chess-mail.com"]
[Date "2015.02.03"]
[Round "1"]
[White "Tenzinnima"]
[Black "Badplayer"]
[WhiteElo "2290"]
[BlackElo "2250"]
[Result "1-0"]
[Round "1"]
1.e4 c5
2.Ng1f3 d6
3.d4 cxd4
4.Nf3xd4 Ng8f6
5.Nb1c3 a6
6.Bc1g5 e6
7.f4 Bf8e7
8.Qd1f3 h6
9.Bg5xf6 Be7xf6
10.O-O-O O-O
11.Bf1c4 Qd8c7
12.Bc4b3 Nb8c6
13.Nd4e2 b5
14.g4 Bc8b7
15.Rh1g1 Nc6a5
16.g5 Na5xb3
17.axb3 hxg5
18.fxg5 Bf6e5
19.Rg1g2 b4
20.Nc3a4 Ra8c8
21.Ne2f4 d5
22.Nf4h5 dxe4
23.Qf3g4 Bb7d5
24.Nh5f6 Be5xf6
25.gxf6 g6
26.Qg4g5 Bd5xb3
27.Qg5h6 { resign }
1-0

[Event "Tourn. n7983"]
[Site "www.chess-mail.com"]
[Date "2015.02.03"]
[Round "1"]
[White "Luban"]
[Black "Bennyp"]
[WhiteElo "2080"]
[BlackElo "2270"]
[Result "0-1"]
[Round "1"]
1.d4 Ng8f6
2.c4 c5
3.e3 g6
4.Nb1c3 Bf8g7
5.Ng1f3 O-O
6.Bf1d3 cxd4
7.exd4 d5
8.h3 Nb8c6
9.a3 dxc4
10.Bd3xc4 Bc8f5
11.O-O Ra8c8
12.Bc1e3 Nf6e4
13.Nc3xe4 Bf5xe4
14.Bc4xf7 Rf8xf7
15.Nf3g5 Be4d5
16.Ng5xf7 Bd5xf7
17.Ra1c1 Qd8d7
18.b4 Rc8d8
19.Qd1a4 a6
20.Rf1d1 Qd7f5
21.Qa4c2 Qf5xc2
22.Rc1xc2 Bf7b3
{ resign }
0-1

[Event "Match"]
[Site "www.echecsemail.com"]
[Date "2015.02.03"]
[Round "1"]
[White "Fabos12"]
[Black "Mdesouza"]
[WhiteElo "1870"]
[BlackElo "2140"]
[Result "0-1"]
[Round "1"]
1.Nb1c3 Ng8f6
2.e4 e5
3.Ng1f3 Nb8c6
4.d4 Bf8b4
5.Bc1g5 exd4
6.Nf3xd4 Qd8e7
7.f3 Qe7e5
8.Nd4xc6 Bb4xc3
9.bxc3 Qe5xc3
10.Kf2 Qc3c5
11.Bg5e3 Qc5xc6
12.Bf1d3 d6
13.a4 a6
14.c4 Bc8e6
15.Qd1e2 Nf6d7
16.Rh1c1 Nd7c5
17.Bd3c2 a5
18.Be3xc5 Qc6xc5
19.Kf1 Be6xc4
20.Bc2d3 Bc4xd3
21.Qe2xd3 Qc5b6
22.Ra1b1 Qb6a6
23.Rc1c4 O-O-O
24.Rb1c1 Rd8d7
25.Qd3d4 f6
26.Rc1b1 Rh8e8
27.Rb1b6 Qa6a7
28.Rb6xd6 Qa7xd4
29.Rd6xd4 Rd7xd4
30.Rc4xd4 Re8d8
31.Rd4xd8 Kxd8
32.Ke2 c6
33.Kd3 b5
34.axb5 cxb5
35.Kc3 Ke7
36.f4 Kd6
37.Kb3 g5
38.fxg5 fxg5
39.g3 Ke5
{ resign }
0-1

[Event "Match"]
[Site "www.echecsemail.com"]
[Date "2015.02.03"]
[Round "1"]
[White "Generalfree"]
[Black "Harrytheking"]
[WhiteElo "1830"]
[BlackElo "1780"]
[Result "1-0"]
[Round "1"]
1.e4 b6
2.d4 Bc8a6
3.c4 e6
4.e5 Bf8b4
5.Bc1d2 Bb4xd2
6.Nb1xd2 Ng8e7
7.g4 Ba6b7
8.Ng1f3 h6
9.b3 O-O
10.Rh1g1 d5
11.exd6 Qd8xd6
12.Qd1e2 Rf8e8
13.Ra1d1 Nb8d7
14.Bf1g2 c6
15.Nd2e4 Qd6c7
16.h4 c5
17.dxc5 bxc5
18.h5 Qc7f4
19.Ne4d6 Re8b8
20.Nd6xf7 Qf4xf7
21.Rd1xd7 Bb7c6
22.Nf3e5 Qf7e8
23.Rd7xe7 Rb8c8
24.Re7xe8 { resign }
1-0

[Event "Match"]
[Site "www.echecsemail.com"]
[Date "2015.02.03"]
[Round "1"]
[White "Darknight"]
[Black "Blackpool"]
[WhiteElo "1800"]
[BlackElo "1720"]
[Result "0-1"]
[Round "1"]
1.Ng1f3 e6
2.e4 c5
3.a3 Nb8c6
4.c3 d5
5.exd5 exd5
6.d4 c4
7.h3 Ng8f6
8.Nb1d2 Bf8d6
9.Bf1e2 O-O
10.g3 Rf8e8
11.Nf3g5 h6
12.Ng5f3 Bc8f5
13.g4 Bf5g6
14.g5 hxg5
15.Nf3xg5 Bd6f4
16.h4 Bg6d3
17.Nd2e4 dxe4
18.Bc1xf4 Nf6d5
19.Be2h5 g6
20.Bf4d2 Qd8f6
21.Bh5e2 Nd5f4
22.Bd2xf4 Qf6xf4
23.Rh1h3 Ra8d8
24.Be2h5 e3
25.f3 gxh5
26.b3 Bd3f5
27.Ra1a2 Nc6xd4
28.cxd4 Rd8xd4
29.Qd1a1 cxb3
30.Rh3h2 bxa2
31.Qa1xa2 Rd4c4
32.Qa2b2 e2
33.Rh2xe2 Re8xe2
34.Qb2xe2 Rc4c1
35.Kf2 Rc1c2
36.Ng5h3 Rc2xe2
37.Kxe2 Bf5xh3
38.Kf2 Bh3g4
39.a4 Qf4xf3
40.Kg1 Bg4h3
{ resign }
0-1

[Event "Match"]
[Site "www.echecsemail.com"]
[Date "2015.02.03"]
[Round "1"]
[White "Iko"]
[Black "Vattila2010"]
[WhiteElo "1410"]
[BlackElo "1820"]
[Result "0-1"]
[Round "1"]
1.e4 e5
2.Ng1f3 d6
3.c4 h5
4.h4 f6
5.Rh1h3 Bc8xh3
6.gxh3 c5
7.Qd1b3 b6
8.Qb3b5 Qd8d7
9.Nb1c3 Qd7xb5
10.Nc3xb5 Nb8a6
11.a4 Kd7
12.Bf1d3 Na6b4
13.Ra1a3 a6
14.Nb5c3 Ng8e7
15.Bd3e2 Nb4c2
16.Kd1 Nc2xa3
17.bxa3 Ne7c6
18.Bc1b2 Nc6d4
19.Nc3d5 Ra8b8
20.Be2d3 Nd4xf3
21.Bb2c3 Nf3xh4
22.Bd3e2 Nh4g6
23.f3 Ng6e7
24.Nd5e3 g6
25.h4 g5
26.hxg5 fxg5
27.d3 h4
28.Ne3g4 Bf8g7
29.Be2f1 h3
30.Ke2 h2
31.Bf1g2 h1Q
32.Bg2xh1 Rh8xh1
33.Ng4f2 Rh1h2
34.Bc3e1 Rh2xf2
35.Be1xf2 Rb8h8
36.Bf2g3 Ne7g6
37.Kf2 Rh8h3
38.a5 bxa5
39.a4 Ng6f4
40.Bg3xf4 exf4
41.Kg2 Rh3h6
42.d4 Bg7xd4
43.e5 dxe5
44.Kf1 e4
45.fxe4 g4
46.e5 f3
47.e6 Kxe6
48.Ke1 Rh6h1
49.Kd2 f2
50.Kc2 f1Q
51.Kb3 Qf1f3
52.Kc2 Rh1h2
53.Kc1 Qf3f1

0-1

[Event "Match"]
[Site "www.echecsemail.com"]
[Date "2015.02.03"]
[Round "1"]
[White "Derik"]
[Black "Billyg"]
[WhiteElo "1490"]
[BlackElo "1600"]
[Result "0-1"]
[Round "1"]
1.e4 e5
2.d3 d5
3.Nb1d2 Ng8f6
4.Ng1f3 Bc8g4
5.g3 dxe4
6.dxe4 Nf6xe4
7.Bf1e2 Bg4xf3
 { time }
0-1

[Event "Match"]
[Site "www.echecsemail.com"]
[Date "2015.02.03"]
[Round "1"]
[White "Pinehill"]
[Black "Whitekknight"]
[WhiteElo "1760"]
[BlackElo "1840"]
[Result "1-0"]
[Round "1"]
1.e4 e5
2.d4 exd4
3.c3 dxc3
4.Bf1c4 d6
5.Ng1f3 Bc8g4
6.O-O cxb2
7.Bc1xb2 Nb8c6
8.Nb1c3 Ng8f6
9.Rf1e1 Bf8e7
10.Qd1b3 Nc6a5
11.Bc4xf7 Kf8
12.Qb3a4 Kxf7
13.Nf3g5 Kg8
14.Qa4xa5 h6
15.h3 Bg4d7
16.Ng5f3 Kh7
17.e5 b6
18.Qa5a6 dxe5
19.Nf3xe5 Rh8f8
20.Ra1d1 Be7d6
21.Qa6d3 Kg8
22.Nc3b5 Bd6xe5
23.Bb2xe5 { resign }
1-0

[Event "Match"]
[Site "www.echecsemail.com"]
[Date "2015.02.03"]
[Round "1"]
[White "Guidom"]
[Black "Dany2005"]
[WhiteElo "2050"]
[BlackElo "999"]
[Result "1/2-1/2"]
[Round "1"]
1.e4 d5
2.exd5 Qd8xd5
3.Nb1c3 Qd5d6
4.Ng1f3 c6
5.Bf1e2 Ng8f6
6.O-O Bc8g4
7.d3 g6
8.h3 Bg4xf3
9.Be2xf3 Bf8g7
10.Bc1d2 O-O
11.Rf1e1 e6
12.Bd2g5 Nb8a6
13.Bg5xf6 Bg7xf6
14.Qd1d2 Bf6xc3
15.Qd2xc3 Qd6c5
16.Qc3xc5 Na6xc5
17.a3 Rf8d8
18.Re1e3 Rd8d7
19.Ra1e1 Ra8d8
20.Kf1 Rd7d6
21.b4 Nc5d7
22.g3 Nd7f6
23.Kg2 Kg7
{ draw }
1/2-1/2

[Event "Match"]
[Site "www.echecsemail.com"]
[Date "2015.02.03"]
[Round "1"]
[White "Jaguar91"]
[Black "Cathar"]
[WhiteElo "2040"]
[BlackElo "2100"]
[Result "0-1"]
[Round "1"]
1.e4 e6
2.d4 d5
3.Nb1d2 Nb8c6
4.Ng1f3 Ng8f6
5.e5 Nf6d7
6.Bf1e2 f6
7.c3 fxe5
8.Nf3xe5 Nd7xe5
9.dxe5 Nc6xe5
10.Be2h5 g6
11.Qd1e2 Bf8g7
12.Nd2f3 Ne5xf3
13.Bh5xf3 O-O
14.h4 e5
15.Bc1g5 Qd8d6
16.h5 e4
17.Bf3g4 Bc8xg4
18.Qe2xg4 Qd6b6
19.O-O-O Rf8xf2
20.Rd1d2 Rf2xd2
21.Bg5xd2 Ra8f8
22.hxg6 Qb6xg6
23.Qg4d7 Qg6f7
24.Qd7h3 Qf7f5
25.g4 Qf5g6
26.Qh3g3 c5
27.Qg3c7 d4
28.cxd4 cxd4
29.Qc7c4 Kh8
30.Qc4b4 Rf8c8
{ resign }
0-1

[Event "Match"]
[Site "www.echecsemail.com"]
[Date "2015.02.03"]
[Round "1"]
[White "Caspito"]
[Black "Generalfree"]
[WhiteElo "1850"]
[BlackElo "1850"]
[Result "1-0"]
[Round "1"]
1.e4 e5
2.Ng1f3 d6
3.d4 f6
4.d5 c6
5.Bf1c4 f5
6.dxc6 bxc6
7.O-O fxe4
8.Nf3g5 d5
9.Bc4b3 h6
10.Rf1e1 hxg5
11.Bc1d2 Bf8c5
12.c4 Bc8f5
13.Qd1c1 d4
14.Bd2xg5 Qd8d7
15.Bb3a4 a6
16.Nb1d2 Ng8f6
17.Nd2f1 Bc5b4
18.Re1e2 d3
19.Re2e3 d2
20.Qc1d1 Nf6g4
21.Re3g3 Qd7d4
22.Qd1e2 Qd4xb2
23.Ra1d1 Qb2xa2
24.Bg5xd2 Qa2xa4
25.Bd2g5 Nb8d7
26.h3 Ng4f6
27.Nf1e3 Nd7c5
28.Ne3xf5 Nc5e6
29.Nf5xg7 Kf7
30.Ng7xe6 Kxe6
31.Bg5e3 c5
32.Rg3g6 Ra8f8
33.Qe2g4 Ke7
34.Be3g5 Qa4c6
35.Rg6g7 Ke8
36.Qg4f5 Bb4c3
37.Qf5g6 Rf8f7
38.Rg7xf7 { resign }
1-0

[Event "Match"]
[Site "www.echecsemail.com"]
[Date "2015.02.03"]
[Round "1"]
[White "Gene4267"]
[Black "Norbos"]
[WhiteElo "1499"]
[BlackElo "1690"]
[Result "1-0"]
[Round "1"]
1.e4 e5
2.Ng1f3 d6
3.d4 Nb8c6
4.dxe5 Bc8g4
5.exd6 cxd6
6.Bf1e2 Ng8f6
7.Nb1c3 Qd8e7
8.h3 Bg4xf3
9.Be2xf3 Ra8d8
10.O-O Qe7e5
11.Nc3d5 Rd8d7
12.Rf1e1 Bf8e7
13.Bf3g4 Rd7d8
14.c3 Nf6xg4
15.Qd1xg4 h6
16.Bc1f4 Qe5e6
17.Nd5c7 { resign }
1-0